000 00625nam a2200217 a 4500
999 _c3473
_d3473
001 3473
003 BD-JhCC
005 20171113211159.0
008 171113s1963 bg |||| ||a| 000 0 ben d
035 _a(BD-JhCC)3473
040 _aBD-JhCC
_dBD-JhCC
041 _aben
082 _a891.4409
_bALI
100 _aআলী, মোবাশ্বের
245 _aমধুসূদন ও নবজাগৃতি /
_cমোবাশ্বের আলী,
260 _aঢাকা :
_bঢাকা বুকস,
300 _a118 p. :
_c22 cm.
650 _aBengali Literature
942 _2ddc
_cBK